000 00314nam a2200145Ia 4500
100 _aBhanumurthy/ T.S.
942 _cBK
654 _aMathematics
245 _aAncient Indian Mathematics
260 _bWiley eastern
_aNew Delhi
_c1992
082 _a510
_bPAN
300 _a223
546 _aENGLISH
999 _c26687
_d26687